000
00335nam a22001457a 4500
008
210528b ||||| |||| 00| 0 eng d
020
_a
9780721688060
041
_a
eng
080
_2
2nd
_a
611.085
082
_a
611.085
100
_a
9
101
_a
HIS
245
_a
Color Textbook of Histology
_c
Leslie P Gartner
942
_2
udc
_c
BK
999
_c
57777
_d
57777